代表作から人気声優を当てる(男性編) - Statistics

General Stats
  • This quiz has been taken 145 times
  • The average score is 9 of 15
Answer Stats
名前 代表作 % Correct
木村昴 「ドラえもん」ジャイアン(剛田武)、「呪術廻戦」東堂葵、「鬼滅の刃 遊郭編」ムキムキねずみ、「東京リベンジャーズ」林田春樹(パーちん)、「ジョジョの奇妙な冒険 黄金の風」ペッシ
81%
梶裕貴 『進撃の巨人』エレン・イェーガー、『僕のヒーローアカデミア』轟焦凍、『ハイキュー!!』孤爪研磨、『ジョジョの奇妙な冒険 ダイヤモンドは砕けない』広瀬康一、『ワールドトリガー』三雲修
79%
花江夏樹 『鬼滅の刃』竈門炭治郎、『ブルーロック』二子一揮、『進撃の巨人』ファルコ、『チェンソーマン』サメの魔人、ゲーム『あんさんぶるスターズ!』巴日和
79%
中村悠一 『おおきく振りかぶって』阿部隆也、『機動戦士ガンダムOO』グラハム・エーカー、『マクロスフロンティア』早乙女アルト、『呪術廻戦』五条悟、『ワールドトリガー』迅悠一
77%
津田健次郎 『呪術廻戦』七海建人、『テニスの王子様』乾貞治、『ゴールデンカムイ』尾形百之助、『薄桜鬼』風間千景、『遊☆戯☆王デュエルモンスターズ』海馬瀬人
74%
石田彰 新世紀エヴァンゲリオン』渚カヲル、『銀魂』桂小太郎、『鬼滅の刃 無限列車編』猗窩座、『NARUTO』我愛羅、『ワールドトリガー』王子一彰
69%
杉田智和 『銀魂』坂田銀時、『涼宮ハルヒの憂鬱』キョン、『無職転生 ~異世界行ったら本気だす~』前世の男、『ジョジョの奇妙な冒険』ジョセフ・ジョースター、『SAKAMOTO DAYS』坂本太郎
69%
神谷浩史 『進撃の巨人』リヴァイ、『青の祓魔師』フィスト・フェレス、『黒子のバスケ』赤司征十郎、『クレヨンしんちゃん』ぶりぶりざえもん、『ONE PIECE』トラファルガー・ロー
68%
宮野真守 『鬼滅の刃』刀鍛冶の里編 童磨、『DEATH NOTE』夜神月、『それいけ!アンパンマン』クレープマン、『うたの☆プリンスさまっ♪ マジLOVEスターリッシュツアーズ』一ノ瀬トキヤ
63%
櫻井孝宏 『コードギアス 反逆のルルーシュ 』枢木スザク、『ジョジョの奇妙な冒険』岸辺露伴、『鬼滅の刃』冨岡義勇、『呪術廻戦』の夏油傑、『おそ松さん』の松野おそ松
58%
福山潤 『コードギアス 反逆のルルーシュ』ルルーシュ・ランペルージ、『暗殺教室』殺せんせー、『 おそ松さん』松野一松、『七つの大罪』キング、『しろくまカフェ』パンダくん
53%
内山昂輝 『機動戦士ガンダムUC』バナージ・リンクス、『ハイキュー!!』月島蛍、『ユーリ!!! on ICE』ユーリ・プリセツキー、『僕のヒーローアカデミア』死柄木弔、『呪術廻戦』狗巻棘
44%
江口拓也 『SPY×FAMILY』ロイド・フォージャー、『東京リベンジャーズ』半間修二、『機動戦士ガンダムAGE』アセム・アスノ、『マッシュル-MASHLE-』ドット・バレット
42%
松岡禎丞 『東京リベンジャーズ』三ツ谷隆、『鬼滅の刃』嘴平伊之助、『ソードアート・オンライン』キリト、『呪術廻戦』究極メカ丸、『ブルーロック』雷市陣吾
42%
小林千晃 『葬送のフリーレン』シュタルク、『マッシュル -MASHLE-』マッシュ・バーンデッド、『氷属性男子とクールな同僚女子』氷室くん、『憂国のモリアーティ』ルイス・ジェームズ・モリアーティ
20%
No matching quizzes found
Score Distribution
Percent of People with Each Score
Percentile by Number Answered
Your Score History
You have not taken this quiz